Lean summit (Record no. 54984)

MARC details
000 -LEADER
fixed length control field 00854cab a2200241 4500
001 - CONTROL NUMBER
control field WB3425-07
008 - FIXED-LENGTH DATA ELEMENTS--GENERAL INFORMATION
fixed length control field 090401t1998 xxu||||| |||| 00| 0 eng d
035 ## - SYSTEM CONTROL NUMBER
System control number (Sirsi) u87202
041 ## - LANGUAGE CODE
Language code of text/sound track or separate title eng
245 ## - TITLE STATEMENT
Title Lean summit
260 ## - PUBLICATION, DISTRIBUTION, ETC.
Date of publication, distribution, etc. 1998
350 ## - PRICE (NR) (BK AM CF MU VM SE) [OBSOLETE]
Price 0
490 ## - SERIES STATEMENT
Series statement Building
Volume/sequential designation 263(26) 26 June 1998, 12(1)
520 ## - SUMMARY, ETC.
Summary, etc. A summit on lean construction shows the savings in building times and costs that can be made through lean techniques. Mansell`s chief executive has pledged to adopt the principles and a leading expert stresses that lean production is unlikely to result in job cuts.
650 ## - SUBJECT ADDED ENTRY--TOPICAL TERM
Topical term or geographic name entry element BUILT ENVIRONMENT-BUILDING COSTS
650 ## - SUBJECT ADDED ENTRY--TOPICAL TERM
Topical term or geographic name entry element CONSTRUCTION INDUSTRY
650 ## - SUBJECT ADDED ENTRY--TOPICAL TERM
Topical term or geographic name entry element CONSTRUCTION TIME
650 ## - SUBJECT ADDED ENTRY--TOPICAL TERM
Topical term or geographic name entry element JOBS
650 ## - SUBJECT ADDED ENTRY--TOPICAL TERM
Topical term or geographic name entry element LEAN CONSTRUCTION
690 ## - LOCAL SUBJECT ADDED ENTRY--TOPICAL TERM (OCLC, RLIN)
Topical term or geographic name as entry element BUILT ENVIRONMENT-BUILDING COSTS
942 ## - ADDED ENTRY ELEMENTS (KOHA)
Suppress in OPAC 0
948 ## - LOCAL PROCESSING INFORMATION (OCLC); SERIES PART DESIGNATOR (RLIN)
c (OCLC) 03/07/1998
Holdings
Withdrawn status Lost status Source of classification or shelving scheme Damaged status Not for loan Home library Current library Shelving location Date acquired Total Checkouts Full call number Barcode Date last seen Copy number Price effective from Koha item type
    Dewey Decimal Classification     London London News article 14/09/1999   WB3425-07 87202-1001 06/08/2019 1 06/08/2019 News article